History of Bijnor Rebellion (Record no. 7123)

MARC details
000 -LEADER
fixed length control field 00627nam a2200253 a 4500
020 ## - INTERNATIONAL STANDARD BOOK NUMBER
ISBN
082 00 - DEWEY DECIMAL CLASSIFICATION NUMBER
Classification number 954.0317
Author Cutter MAL
100 ## - MAIN ENTRY--AUTHOR NAME
Author name Khan, Ahmad Syyid
245 ## - TITLE STATEMENT
Title History of Bijnor Rebellion
260 ## - PUBLICATION, DISTRIBUTION, ETC. (IMPRINT)
Place of publication Delhi
Name of publisher Idara-I-Adabiyat-I-Dilli
Year of publication 1982
300 ## - PHYSICAL DESCRIPTION
Number of Pages 214p
500 ## - GENERAL NOTE
General note includes index and biblioraphy
505 2# - FORMATTED CONTENTS NOTE
Formatted contents note Index
650 ## - SUBJECT ADDED ENTRY--TOPICAL TERM
Topical Term India-History Sepoy Multiny Binjor
942 ## - ADDED ENTRY ELEMENTS (KOHA)
Koha item type Books
700 1# -
-- Hafeez Malik
700 1# -
-- Morris Dembo
Holdings
Collection code Home library Current library Date acquired Cost, normal purchase price Full call number Accession Number Koha item type
  Henry Martyn Institute Library Henry Martyn Institute Library 01/23/2008 60.00 954.0317 MAL 012337 Books
                   Copyright © 2026 | Henry Martyn Institute | Hyderabad | TS-500052 | INDIA | Implemented by hmi.edu.in
Hit-Count:

Powered by Koha